Bytový dom
Enregistré dans:
| Auteur principal: | |
|---|---|
| Autres auteurs: | |
| Format: | Manuscrit Livre |
| Langue: | slovaque |
| Publié: |
2025
|
| Sujets: | |
| Accès en ligne: | http://is.stuba.sk/zp/portal_zp.pl?podrobnosti=175663 CRZP |
| Tags: |
Pas de tags, Soyez le premier à ajouter un tag!
|
MARC
| LEADER | 00000ntm a22000003a 4500 | ||
|---|---|---|---|
| 001 | stuzp105390 | ||
| 003 | SK-STU | ||
| 005 | 20250724104141.6 | ||
| 007 | ta | ||
| 008 | 150427s2015----xo-----f-mn---000-0-slo-d | ||
| 040 | |a STU |b slo | ||
| 041 | 0 | |a slo | |
| 100 | 1 | |a Hajas, Norbert |u 010270 |4 aut |U SvF Stavebná fakulta |T SvF Katedra technológie stavieb |X 121146 |U V270 |Y 28 |7 121146 | |
| 242 | 0 | 1 | |a Residential house |y eng |
| 245 | 1 | 0 | |a Bytový dom |
| 260 | |c 2025 | ||
| 650 | 4 | |a Bytový dom |2 slo | |
| 650 | 4 | |a Betonáž |2 slo | |
| 650 | 4 | |a Časový harmonogram |2 slo | |
| 650 | 4 | |a Residential house |2 eng | |
| 650 | 4 | |a Time schedule |2 eng | |
| 650 | 4 | |a Concrete casting |2 eng | |
| 700 | 1 | |a Bisták, Andrej |u 901131 |k Z7 |4 ths |U Rektorát STU |T Útvar práce s verejnosťou |X 66824 |U 901131 |Y 299 |7 A000066824 | |
| 856 | 4 | |u http://is.stuba.sk/zp/portal_zp.pl?podrobnosti=175663 | |
| 856 | 4 | |u https://opac.crzp.sk/?fn=detailBiblioForm&sid=C9A1C75A261DD259F981421E26A3 |z CRZP | |